The book of First Corinthians / (Record no. 6274)

MARC details
000 -LEADER
fixed length control field 00688cam a2200241 4500
001 - CONTROL NUMBER
control field 6305065
003 - CONTROL NUMBER IDENTIFIER
control field OSt
005 - DATE AND TIME OF LATEST TRANSACTION
control field 20190116142735.0
008 - FIXED-LENGTH DATA ELEMENTS--GENERAL INFORMATION
fixed length control field 00026401980 mou b 001 0 eng
010 ## - LIBRARY OF CONGRESS CONTROL NUMBER
LC control number 80016358 //r842
040 ## - CATALOGING SOURCE
Original cataloging agency DLC
Transcribing agency DLC
Modifying agency m.c.
-- ATH
050 0# - LIBRARY OF CONGRESS CALL NUMBER
Classification number BS2675.3
Item number .H27
082 ## - DEWEY DECIMAL CLASSIFICATION NUMBER
Classification number 227.2
Item number H198B
090 ## - LOCALLY ASSIGNED LC-TYPE CALL NUMBER (OCLC); LOCAL CALL NUMBER (RLIN)
Classification number (OCLC) (R) ; Classification number, CALL (RLIN) (NR) BS2675.3
Local cutter number (OCLC) ; Book number/undivided call number, CALL (RLIN) .H27 1980
100 1# - MAIN ENTRY--PERSONAL NAME
Personal name Hamar, Paul A.,
Dates associated with a name 1949-
245 14 - TITLE STATEMENT
Title The book of First Corinthians /
Statement of responsibility, etc. Paul A. Hamar.
260 ## - PUBLICATION, DISTRIBUTION, ETC.
Place of publication, distribution, etc. Springfield, Mo. :
Name of publisher, distributor, etc. Gospel Pub. House,
Date of publication, distribution, etc. c1980.
300 ## - PHYSICAL DESCRIPTION
Extent 189 p. :
Dimensions 23 cm.
500 ## - GENERAL NOTE
General note Includes index.
504 ## - BIBLIOGRAPHY, ETC. NOTE
Bibliography, etc. note Bibliography: p. 183-184.
630 00 - SUBJECT ADDED ENTRY--UNIFORM TITLE
Uniform title Bible.
Name of part/section of a work Corinthians, 1st
Form subdivision Commentaries.
942 ## - ADDED ENTRY ELEMENTS (KOHA)
Source of classification or shelving scheme Dewey Decimal Classification
Koha item type Books
Holdings
Withdrawn status Lost status Source of classification or shelving scheme Damaged status Not for loan Collection code Home library Current library Shelving location Date acquired Cost, normal purchase price Total Checkouts Full call number Barcode Date last seen Price effective from Koha item type
    Dewey Decimal Classification     Non-fiction Harvest Mission College Harvest Mission College General Stacks 16.01.2019 1350.00   227.2 H198B 006956 16.01.2019 16.01.2019 Books

OPAC Designed and Maintained by HMC Library Team.
Copyright © HMC Library,Greater Noida, UP.
For any Suggestions/Query Contact library via Email:libhmc@gmail.com